Nguyên tắc phân loại sinh vật

Sách cung cấp cho bạn đọc những khái niệm, những nguyên lý, những phương pháp cơ bản mang tính nguyên tắc về phân loại sinh vật, các đặc điểm của sinh vật được sử dụng trong phân loại học.Đồng thời giúp cho bạn đọc những kiến thức về phu...

ver descrição completa

Na minha lista:
Detalhes bibliográficos
Autor principal: Nguyễn, Anh Diệp
Formato: Livro
Idioma:Undetermined
Publicado em: Hà Nội Khoa học kỹ thuật 2007
Assuntos:
Tags: Adicionar Tag
Sem tags, seja o primeiro a adicionar uma tag!
Thư viện lưu trữ: Trung tâm Học liệu Trường Đại học Cần Thơ
LEADER 01197nam a2200217Ia 4500
001 CTU_128471
008 210402s9999 xx 000 0 und d
020 |c 35000 
082 |a 570.12 
082 |b D307 
100 |a Nguyễn, Anh Diệp 
245 0 |a Nguyên tắc phân loại sinh vật 
245 0 |c Nguyễn Anh Diệp (chủ biên), Trần Ninh, Nguyễn Xuân Quýnh 
260 |a Hà Nội 
260 |b Khoa học kỹ thuật 
260 |c 2007 
520 |a Sách cung cấp cho bạn đọc những khái niệm, những nguyên lý, những phương pháp cơ bản mang tính nguyên tắc về phân loại sinh vật, các đặc điểm của sinh vật được sử dụng trong phân loại học.Đồng thời giúp cho bạn đọc những kiến thức về phương pháp phân loại sinh vật, luật danh pháp quốc tế về phân loại học, kỷ năng thực hành trong phân loại học. 
650 |a Biology,Sinh vật 
650 |x Classification,Phân loại 
904 |i Tuyến 
980 |a Trung tâm Học liệu Trường Đại học Cần Thơ